[Event "Napoli Province-ch"]
[Site "Napoli"]
[Date "2014.01.30"]
[Round "7"]
[White "Miccoli, Livio"]
[Black "Caiazzo, Diego"]
[Result "1/2-1/2"]
[WhiteElo "1620"]
[BlackElo "1792"]
[PlyCount "95"]
[EventDate "2013.12.05"]
[EventType "swiss"]
[EventRounds "7"]
[EventCountry "ITA"]
[SourceTitle "EXT 2015"]
[Source "ChessBase"]
[SourceDate "2014.11.20"]
[SourceVersion "1"]
[SourceVersionDate "2014.11.20"]
[SourceQuality "1"]

1. e4 c5 2. Nc3 d6 3. Nge2 Nf6 4. g3 e6 5. Bg2 Be7 6. 0-0 0-0 7. d3 Nc6 8. h3 a6 9. Be3 Qc7 10. f4 Nd7 11. f5 Nb6 12. Qd2 Bd7 13. Rf2 Rad8 14. Raf1 Bc8 15. fxe6 fxe6 16. Kh2 Rxf2 17. Rxf2 Rf8 18. Rxf8+ Bxf8 19. Nf4 Qf7 20. Qf2 e5 21. Nfd5 Qxf2 22. Bxf2 Nxd5 23. Nxd5 Ne7 24. Nb6 Be6 25. b3 Nc6 26. c3 Be7 27. Be3 h6 28. Nd5 Bd8 29. h4 Kf7 30. Bh3 Bxh3 31. Kxh3 Ke6 32. Kg4 Ne7 33. Nxe7 Bxe7 34. Kh5 Kf7 35. g4 b5 36. g5 hxg5 37. Bxg5 g6+ 38. Kg4 Bf8 39. Bd8 Be7 40. Bxe7 Kxe7 41. Kg5 Kf7 42. a3 a5 43. b4 axb4 44. axb4 cxb4 45. cxb4 Kg7 46. h5 gxh5 47. Kxh5 Kf6 48. Kg4 1/2-1/2

[Event "Napoli Porreca Memorial 3rd"]
[Site "Napoli"]
[Date "2013.10.24"]
[Round "5"]
[White "Miccoli, Livio"]
[Black "Baccelliere, Antonio"]
[Result "1-0"]
[WhiteElo "1610"]
[BlackElo "1607"]
[PlyCount "49"]
[EventDate "2013.09.26"]
[EventType "swiss"]
[EventRounds "7"]
[EventCountry "ITA"]
[SourceTitle "EXT 2015"]
[Source "ChessBase"]
[SourceDate "2014.11.20"]
[SourceVersion "1"]
[SourceVersionDate "2014.11.20"]
[SourceQuality "1"]

1. e4 e5 2. Nf3 Nc6 3. Bb5 a6 4. Bxc6 dxc6 5. d4 exd4 6. Qxd4 Qxd4 7. Nxd4 Nf6 8. Nc3 Bb4 9. 0-0 Bxc3 10. bxc3 c5 11. Nb3 0-0 12. Nxc5 b6 13. e5 bxc5 14. exf6 gxf6 15. Be3 c4 16. Bd4 Kg7 17. Rfe1 Bf5 18. Re3 c5 19. Bxc5 Rfc8 20. Rg3+ Bg6 21. Bd4 h6 22. f4 Kf8 23. Bxf6 Rc6 24. Be5 f6 25. Rxg6 1-0

[Event "Napoli Porreca Memorial 3rd"]
[Site "Napoli"]
[Date "2013.10.03"]
[Round "2"]
[White "Miccoli, Livio"]
[Black "Pellegrino, Giovanni"]
[Result "1-0"]
[WhiteElo "1610"]
[BlackElo "1416"]
[PlyCount "52"]
[EventDate "2013.09.26"]
[EventType "swiss"]
[EventRounds "7"]
[EventCountry "ITA"]
[SourceTitle "EXT 2015"]
[Source "ChessBase"]
[SourceDate "2014.11.20"]
[SourceVersion "1"]
[SourceVersionDate "2014.11.20"]
[SourceQuality "1"]

1. e4 e5 2. Nf3 Nf6 3. Nc3 Nc6 4. Bc4 Bc5 5. 0-0 d6 6. d3 h6 7. h3 0-0 8. Be3 b6 9. Qd2 Bd4 10. Nd5 Nxd5 11. Bxd5 Bxe3 12. fxe3 Bb7 13. Rf2 Rb8 14. Raf1 Qd7 15. Nh4 Nd8 16. Qe2 Bxd5 17. exd5 c6 18. Ng6 Re8 19. dxc6 Qc7 20. Nh4 Qxc6 21. Nf5 d5 22. Qg4 Qg6 23. Qb4 Re6 24. Ne7+ Rxe7 25. Qxe7 Ra8 26. Qxe5 Qg5 1-0

[Event "Napoli Antica Scuola 1st"]
[Site "Napoli"]
[Date "2013.04.11"]
[Round "7"]
[White "Parente, Giuseppe"]
[Black "Miccoli, Livio"]
[Result "1-0"]
[WhiteElo "1744"]
[BlackElo "1614"]
[PlyCount "89"]
[EventDate "2013.02.21"]
[EventType "swiss"]
[EventRounds "7"]
[EventCountry "ITA"]
[SourceTitle "EXT 2014"]
[Source "ChessBase"]
[SourceDate "2013.11.20"]
[SourceVersion "1"]
[SourceVersionDate "2013.11.20"]
[SourceQuality "1"]

1. Nf3 Nf6 2. e3 g6 3. b3 Bg7 4. Bb2 0-0 5. Be2 c5 6. d4 cxd4 7. exd4 d5 8. 0-0 b6 9. a4 Qc7 10. Re1 Ba6 11. Bxa6 Nxa6 12. Qe2 Nb4 13. Na3 Nc6 14. Rac1 Bh6 15. Rcd1 Ne4 16. c3 a6 17. Nb1 Na5 18. Qc2 Rfc8 19. Rd3 Nc6 20. Ne5 Nb4 21. Qd1 Nxd3 22. Nxd3 Ra7 23. f3 Nd6 24. Bc1 Bxc1 25. Qxc1 Kg7 26. Qe3 Nf5 27. Qe2 Qd6 28. Nb4 Nxd4 29. Qd1 Nc6 30. Nxd5 Rd8 31. c4 e6 32. Ne3 Rad7 33. Qc1 Qc5 34. Kf1 Rd3 35. Nc3 Qb4 36. Ne4 Qxb3 37. c5 b5 38. axb5 axb5 39. Ng4 Kf8 40. Qh6+ Ke8 41. Ngf6+ Ke7 42. Qg5 Qc4 43. Nd5+ Kf8 44. Qh6+ Ke8 45. Nef6# 1-0

[Event "Napoli Porreca Memorial 2nd"]
[Site "Napoli"]
[Date "2012.09.27"]
[Round "2"]
[White "Miccoli, Livio"]
[Black "Caiazzo, Diego"]
[Result "0-1"]
[WhiteElo "1616"]
[BlackElo "1845"]
[PlyCount "64"]
[EventDate "2012.09.20"]
[EventType "swiss"]
[EventRounds "7"]
[EventCountry "ITA"]
[SourceTitle "EXT 2014"]
[Source "ChessBase"]
[SourceDate "2013.11.20"]
[SourceVersion "1"]
[SourceVersionDate "2013.11.20"]
[SourceQuality "1"]

1. e4 c5 2. Nc3 e6 3. g3 d6 4. Bg2 Nf6 5. Nge2 Be7 6. d3 Nc6 7. 0-0 0-0 8. b3 Bd7 9. Bb2 a6 10. h3 Rc8 11. f4 Qc7 12. Rf2 Nd4 13. Qd2 b5 14. Raf1 Nxe2+ 15. Qxe2 Bc6 16. Kh2 d5 17. e5 Nd7 18. Qh5 b4 19. Ne2 d4 20. g4 Bxg2 21. Rxg2 Nb6 22. Ng3 Nd5 23. Bc1 Nc3 24. f5 Qxe5 25. Bf4 Qd5 26. Bg5 f6 27. Bxf6 Bxf6 28. g5 Be5 29. f6 Bxg3+ 30. Rxg3 g6 31. f7+ Kh8 32. Rf6 gxh5 0-1

[Event "Napoli Parthenope op 4th"]
[Site "Napoli"]
[Date "2012.03.22"]
[Round "1"]
[White "Miccoli, Livio"]
[Black "Solombrino, Giovanni"]
[Result "0-1"]
[WhiteElo "1641"]
[BlackElo "1822"]
[PlyCount "76"]
[EventDate "2012.03.22"]
[EventType "swiss"]
[EventRounds "7"]
[EventCountry "ITA"]
[SourceTitle "EXT 2018"]
[Source "ChessBase"]
[SourceDate "2017.10.13"]
[SourceVersion "1"]
[SourceVersionDate "2017.10.13"]
[SourceQuality "1"]

1. e4 c5 2. Nc3 Nc6 3. Nge2 g6 4. g3 Bg7 5. Bg2 Nf6 6. d3 0-0 7. 0-0 d6 8. h3 Rb8 9. Be3 b6 10. Qd2 Bb7 11. Bh6 e6 12. g4 d5 13. Bxg7 Kxg7 14. g5 Ne8 15. exd5 exd5 16. Nxd5 Nd4 17. Nef4 Nc7 18. Nf6 Qd6 19. c3 Qxf4 20. Ne4 Qxd2 21. Nxd2 Ne2+ 22. Kh2 Bxg2 23. Kxg2 Nf4+ 24. Kg3 Nxd3 25. b3 Rbd8 26. Nc4 Nd5 27. Rad1 Nxc3 28. Ra1 Rfe8 29. f4 Rd4 30. Rf3 b5 31. Ne5 Ne4+ 32. Kh2 Nxe5 33. fxe5 Rxe5 34. Raf1 Nxg5 35. Rf6 Re3 36. Ra6 Rd2+ 37. Kg1 Rg3+ 38. Kh1 Nf3 0-1

[Event "Napoli Porreca Cup 1st"]
[Site "Napoli"]
[Date "2011.09.22"]
[Round "1"]
[White "Miccoli, Livio"]
[Black "Caiazzo, Diego"]
[Result "0-1"]
[WhiteElo "1670"]
[BlackElo "1856"]
[PlyCount "88"]
[EventDate "2011.09.22"]
[EventType "swiss"]
[EventRounds "7"]
[EventCountry "ITA"]
[SourceTitle "EXT 2018"]
[Source "ChessBase"]
[SourceDate "2017.10.13"]
[SourceVersion "1"]
[SourceVersionDate "2017.10.13"]
[SourceQuality "1"]

1. e4 e6 2. Qe2 c5 3. Nc3 d6 4. g3 Nf6 5. Bg2 Be7 6. f4 Nc6 7. Nf3 a6 8. 0-0 0-0 9. d3 Qc7 10. b3 Bd7 11. Bb2 Rad8 12. Rae1 Nd4 13. Qd2 Nxf3+ 14. Bxf3 Bc6 15. e5 Nd7 16. exd6 Bxd6 17. Ne4 Be7 18. Qc3 Nf6 19. Re2 b5 20. Qe1 Nxe4 21. Bxe4 Bxe4 22. Rxe4 Rd7 23. Qe2 Qd8 24. f5 exf5 25. Rxf5 f6 26. Rg4 Rf7 27. Bc1 Rd5 28. Qe6 Rxf5 29. Qxf5 Qd6 30. Rh4 g6 31. Rg4 Qc6 32. Qf1 f5 33. Rf4 Bg5 34. Rf2 Bxc1 35. Qxc1 Qe6 36. Qf1 Qe3 37. Kg2 Re7 38. g4 Qg5 39. Rf4 fxg4 40. Qf2 Qd5+ 41. Kg3 h5 42. Rf8+ Kh7 43. Qf6 Re3+ 44. Kf2 Rf3+ 0-1

[Event "Napoli Estate al Vomero op 5th"]
[Site "Napoli"]
[Date "2011.06.16"]
[Round "6"]
[White "Spagnolo, Alessandro"]
[Black "Miccoli, Livio"]
[Result "0-1"]
[WhiteElo "1440"]
[BlackElo "1671"]
[PlyCount "81"]
[EventDate "2011.05.08"]
[EventType "swiss"]
[EventRounds "7"]
[EventCountry "ITA"]
[SourceTitle "EXT 2018"]
[Source "ChessBase"]
[SourceDate "2017.10.13"]
[SourceVersion "1"]
[SourceVersionDate "2017.10.13"]
[SourceQuality "1"]

1. Nf3 Nf6 2. c4 c5 3. Nc3 e6 4. e3 Be7 5. Be2 0-0 6. 0-0 b6 7. b3 Bb7 8. Bb2 d5 9. Qc2 a6 10. h3 d4 11. Nb1 Nc6 12. d3 Qd7 13. a3 dxe3 14. fxe3 Rad8 15. Nbd2 Qc7 16. d4 Rd7 17. d5 exd5 18. Ng5 Ne4 19. Ndxe4 dxe4 20. Nxe4 Ne5 21. Rad1 Rxd1 22. Rxd1 f5 23. Nf2 Qc6 24. Rd5 Bd6 25. Bxe5 Bxe5 26. Bf3 Qg6 27. Qd1 Qg3 28. Rxe5 Bxf3 29. Qxf3 Qxe5 30. Qc6 Qf6 31. Qf3 Rd8 32. g3 h6 33. Kg2 Kh7 34. e4 fxe4 35. Qxe4+ Kg8 36. g4 Rd2 37. Qe3 Qd4 38. Qe8+ Kh7 39. Qe1 Qd3 40. Kg1 Qd4 41. Kf1 0-1

[Event "Napoli Estate al Vomero op 5th"]
[Site "Napoli"]
[Date "2011.05.26"]
[Round "4"]
[White "Angelotti, Mario"]
[Black "Miccoli, Livio"]
[Result "1-0"]
[WhiteElo "1820"]
[BlackElo "1671"]
[PlyCount "107"]
[EventDate "2011.05.08"]
[EventType "swiss"]
[EventRounds "7"]
[EventCountry "ITA"]
[SourceTitle "EXT 2018"]
[Source "ChessBase"]
[SourceDate "2017.10.13"]
[SourceVersion "1"]
[SourceVersionDate "2017.10.13"]
[SourceQuality "1"]

1. e4 e6 2. d4 d5 3. Nd2 Nf6 4. e5 Nfd7 5. Bd3 c5 6. c3 Nc6 7. Ne2 Be7 8. Nf3 0-0 9. Qc2 f5 10. Ng3 Rf7 11. Bf4 c4 12. Be2 Nf8 13. h4 Ng6 14. Qd2 Nxf4 15. Qxf4 g6 16. Ng5 Rg7 17. Qe3 h6 18. Nh3 Kh7 19. f4 Bxh4 20. Ng5+ Bxg5 21. fxg5 h5 22. Bxh5 gxh5 23. Nxh5 Rxg5 24. Nf6+ Kg6 25. Qh3 Kf7 26. Qh4 Rg6 27. Qh5 Ne7 28. Nh7 Qg8 29. 0-0-0 Qg7 30. g4 Ng8 31. gxf5 exf5 32. Ng5+ Ke7 33. Nf3 Be6 34. Nh4 Qh6+ 35. Qxh6 Rxh6 36. Rdg1 Kf7 37. Nf3 Rxh1 38. Rxh1 Ke7 39. Rh7+ Kd8 40. Rxb7 Bd7 41. Ng5 Kc8 42. Rb4 Rb8 43. e6 Rxb4 44. exd7+ Kxd7 45. cxb4 Nf6 46. a4 Ne4 47. Nxe4 dxe4 48. Kd2 f4 49. b5 Kd6 50. a5 Kd5 51. a6 Kd6 52. b6 f3 53. bxa7 f2 54. Ke2 1-0

[Event "Napoli Estate al Vomero op 5th"]
[Site "Napoli"]
[Date "2011.05.19"]
[Round "3"]
[White "Miccoli, Livio"]
[Black "Scalera, Salvatore"]
[Result "1/2-1/2"]
[WhiteElo "1671"]
[BlackElo "1473"]
[PlyCount "89"]
[EventDate "2011.05.08"]
[EventType "swiss"]
[EventRounds "7"]
[EventCountry "ITA"]
[SourceTitle "EXT 2018"]
[Source "ChessBase"]
[SourceDate "2017.10.13"]
[SourceVersion "1"]
[SourceVersionDate "2017.10.13"]
[SourceQuality "1"]

1. e4 c5 2. Nc3 d6 3. g3 Nf6 4. Bg2 e6 5. Nge2 Nc6 6. d3 Be7 7. 0-0 0-0 8. Be3 d5 9. exd5 exd5 10. d4 c4 11. Bg5 Be6 12. Re1 h6 13. Be3 Bb4 14. h3 Qd7 15. Kh2 Ne4 16. Bxe4 dxe4 17. d5 Ne5 18. dxe6 Nf3+ 19. Kh1 Qxe6 20. Nf4 Qc8 21. Nxe4 Nxe1 22. c3 Qc6 23. Nd5 Rad8 24. cxb4 Rxd5 25. Qxe1 Rh5 26. f3 Re8 27. Kh2 Rhe5 28. Qc3 f5 29. Bd4 R5e7 30. Bc5 Re6 31. Nf2 b5 32. b3 f4 33. g4 Re3 34. Bxe3 Rxe3 35. Qd4 Qxf3 36. Qd8+ Kh7 37. Qh4 g5 38. Qh5 Qxf2+ 39. Kh1 Re7 40. h4 Re1+ 41. Rxe1 Qxe1+ 42. Kg2 Qe2+ 43. Kg1 f3 44. Qf7+ Kh8 45. Qf8+ 1/2-1/2

[Event "Napoli Estate al Vomero op 5th"]
[Site "Napoli"]
[Date "2011.05.12"]
[Round "2"]
[White "Sparice, Lorenzo"]
[Black "Miccoli, Livio"]
[Result "0-1"]
[WhiteElo "1374"]
[BlackElo "1671"]
[PlyCount "50"]
[EventDate "2011.05.08"]
[EventType "swiss"]
[EventRounds "7"]
[EventCountry "ITA"]
[SourceTitle "EXT 2018"]
[Source "ChessBase"]
[SourceDate "2017.10.13"]
[SourceVersion "1"]
[SourceVersionDate "2017.10.13"]
[SourceQuality "1"]

1. d4 Nf6 2. c4 d6 3. d5 g6 4. Nc3 Bg7 5. h3 0-0 6. e4 e6 7. f4 Re8 8. Bd3 exd5 9. cxd5 Bf5 10. Qf3 Qe7 11. Kf2 Nxe4+ 12. Bxe4 Bxe4 13. Qxe4 Qxe4 14. Nxe4 Rxe4 15. Kf3 f5 16. Ne2 Nd7 17. Nc3 Re7 18. Be3 Nb6 19. Bxb6 axb6 20. Rae1 Rae8 21. Rxe7 Rxe7 22. Na4 Bd4 23. g3 Re3+ 24. Kg2 Re2+ 25. Kf3 Rf2# 0-1

[Event "Napoli Vomero Inverno op 4th"]
[Site "Napoli"]
[Date "2009.01.08"]
[Round "1"]
[White "De Rosa, Francesco"]
[Black "Miccoli, Livio"]
[Result "0-1"]
[WhiteElo "1948"]
[BlackElo "1607"]
[PlyCount "92"]
[EventDate "2009.01.08"]
[EventType "swiss"]
[EventRounds "7"]
[EventCountry "ITA"]
[SourceTitle "EXT 2011"]
[Source "ChessBase"]
[SourceDate "2010.11.26"]
[SourceVersion "1"]
[SourceVersionDate "2010.11.26"]
[SourceQuality "1"]

1. e4 e6 2. d4 d5 3. Nc3 Nf6 4. e5 Nfd7 5. f4 c5 6. Nf3 Nc6 7. Be3 a6 8. Be2 Qb6 9. Na4 Qa5+ 10. c3 cxd4 11. Nxd4 Nxd4 12. Bxd4 b5 13. Nb6 Nxb6 14. b4 Qa3 15. Bxb6 Qxc3+ 16. Kf2 Qxb4 17. Rc1 Qxf4+ 18. Bf3 Be7 19. Qc2 0-0 20. Qc6 Rb8 21. Ba7 Rb7 22. Bc5 Bxc5+ 23. Rxc5 Rb8 24. Qd6 Bb7 25. Rhc1 Qh4+ 26. Ke2 Qd8 27. Rc7 Qg5 28. Rxb7 Rxb7 29. Rc3 Rd8 30. Qxa6 Qxe5+ 31. Re3 Qb8 32. Qa3 Ra7 33. Qb2 Rc8 34. Bg4 Qxh2 35. Bh3 Qc7 36. Kf3 Qc5 37. Rb3 Rb7 38. g3 h6 39. Bf1 Rcb8 40. Rc3 Qd6 41. Qc2 Qe7 42. Bd3 Qf6+ 43. Kg2 g6 44. Be2 Kg7 45. Rc6 b4 46. Ba6 b3 0-1

[Event "Napoli Vomero Settembre op 5th"]
[Site "Napoli"]
[Date "2008.10.30"]
[Round "5"]
[White "Miccoli, Livio"]
[Black "Solombrino, Giovanni"]
[Result "0-1"]
[WhiteElo "1589"]
[BlackElo "1707"]
[PlyCount "88"]
[EventDate "2008.10.02"]
[EventType "swiss"]
[EventRounds "5"]
[EventCountry "ITA"]
[SourceTitle "EXT 2011"]
[Source "ChessBase"]
[SourceDate "2010.11.26"]
[SourceVersion "1"]
[SourceVersionDate "2010.11.26"]
[SourceQuality "1"]

1. e4 c5 2. Nc3 Nc6 3. Nge2 g6 4. g3 Bg7 5. Bg2 Nf6 6. 0-0 0-0 7. d3 d6 8. h3 Rb8 9. Be3 b6 10. Qd2 Bb7 11. Bh6 Re8 12. Bxg7 Kxg7 13. f4 e6 14. Rf2 d5 15. e5 Nd7 16. Nb5 f6 17. Nd6 Rf8 18. Raf1 fxe5 19. fxe5 Rxf2 20. Rxf2 Ndxe5 21. Nxb7 Rxb7 22. Nf4 Re7 23. Re2 Qd6 24. Qe1 Kf7 25. Qf2 Ke8 26. Qe3 Kd7 27. c3 b5 28. b3 Nf7 29. d4 cxd4 30. cxd4 Nh6 31. g4 Nf7 32. Nd3 e5 33. dxe5 Nfxe5 34. Nc5+ Kc7 35. Rc2 Nxg4 36. Na6+ Kd8 37. Qf3 Re1+ 38. Bf1 Ne3 39. Rf2 Rxf1+ 40. Rxf1 Nxf1 41. Qxf1 Nd4 42. Qd3 Qf4 43. Nb4 Nf3+ 44. Kf1 Ne5+ 0-1